000 00693nam a2200241 a 4500
008
020 _a0721681867 (pbk.)
049 _aMAIN
090 _aRD31
_bESS
100 1 _aBecker, James E.
245 1 0 _aEssentials of surgery /
_cedited by James M. Becker, Arthur F. Stucchi.
260 _aPhiladephia :
_bSaunders,
_cc2006.
300 _axii, 841 p. :
_bill. (some col.) ;
_c26 cm.
650 1 _aSurgery.
650 _aSurgery
_xOperative.
700 _aStucchi, Arthur F.
700 _aBecker, James M.
907 _a.b10269241
_b27-07-12
_c09-10-09
003
005 20230120204020.0
040 _cNUST
942 _cBOOKS
_kRD31
_mESS
999 _c115623
_d115623